000 00212nam a22000857a 4500
008 161104b xxu||||| |||| 00| 0 eng d
100 _91041
_aMisra m
245 _aCCE Social Science VII
260 _aNew Delhi
_bAPC
_c2012
999 _c3696
_d3696